Nomina i paesi del mondo con la migliore cucina - Statistics

Statistiche generali
  • Questo quiz è stato fatto 203 volte
  • Il punteggio medio è 7 su 10
Statistiche sulle risposte
Risposta % Corretto
Italia
100%
Francia
97%
Giappone
94%
Cina
91%
Spagna
91%
Grecia
76%
Messico
73%
Portogallo
57%
Indonesia
20%
Perù
20%
Nessun quiz corrispondente trovato
Distribuzione punteggi
Percentuale di utenti per punteggio
Percentile per numero di risposta
I tuoi punteggi nel tempo
Non hai fatto questo quiz